Encyclopedia Brown and the case of the secret pitch / (Record no. 2100)

MARC details
000 -LEADER
fixed length control field 01250cam a22003257a 4500
005 - DATE AND TIME OF LATEST TRANSACTION
control field 20240221114620.0
020 ## - INTERNATIONAL STANDARD BOOK NUMBER
International Standard Book Number 9780142408896
040 ## - CATALOGING SOURCE
Original cataloging agency DLC
Transcribing agency DLC
Modifying agency DLC
Language of cataloging eng
050 00 - LIBRARY OF CONGRESS CALL NUMBER
Classification number PZ7.S68524
082 00 - DEWEY DECIMAL CLASSIFICATION NUMBER
Classification number 511
100 1# - MAIN ENTRY--PERSONAL NAME
Personal name Sobol, Donald J.
Dates associated with a name 1924-2012
245 10 - TITLE STATEMENT
Title Encyclopedia Brown and the case of the secret pitch /
Statement of responsibility, etc. by Donald J. Sobol ; Illustrated by Leonard Shortall.
246 30 - VARYING FORM OF TITLE
Title proper/short title Case of the secret pitch
250 ## - EDITION STATEMENT
Edition statement Reinforced library bound ed.
260 ## - PUBLICATION, DISTRIBUTION, ETC.
Place of publication, distribution, etc. New York :
Name of publisher, distributor, etc. Puffin Books ;
Date of publication, distribution, etc. 2007
300 ## - PHYSICAL DESCRIPTION
Extent 96 pages :
Other physical details illustration ;
Dimensions 19 cm .
490 0# - SERIES STATEMENT
Series statement Encyclopedia Brown series
500 ## - GENERAL NOTE
General note First published in 1965.
500 ## - GENERAL NOTE
General note "Puffin Books, an imprint of Penguin Group (USA)."
500 ## - GENERAL NOTE
General note "Everyone's favorite boy detective"--Cover.
505 ## - FORMATTED CONTENTS NOTE
Formatted contents note O <br/>
520 ## - SUMMARY, ETC.
Summary, etc. Idaville's secret weapon against lawbreakers, ten-year-old Leroy "Encyclopedia" Brown, helps the police force solve ten new cases, the solutions to which are found in the back of the book.
521 ## - TARGET AUDIENCE NOTE
Target audience note 630
Source Lexile
521 ## - TARGET AUDIENCE NOTE
Target audience note O <br/>
Source Raz-Plus
650 #1 - SUBJECT ADDED ENTRY--TOPICAL TERM
Topical term or geographic name entry element Mystery and detective stories.
Form subdivision fiction
700 1# - ADDED ENTRY--PERSONAL NAME
Personal name Shortall, Leonard
Relator term illustrator
906 ## - LOCAL DATA ELEMENT F, LDF (RLIN)
a 7
b cbc
c origcop
d 2
e ncip
f 20
g y-gencatlg
942 ## - ADDED ENTRY ELEMENTS (KOHA)
Source of classification or shelving scheme Dewey Decimal Classification
Koha item type Books
Suppress in OPAC No
999 ## -
-- 2100
-- 2100
Holdings
Withdrawn status Lost status Source of classification or shelving scheme Damaged status Not for loan Collection Home library Current library Shelving location Date acquired Total Checkouts Full call number Barcode Date last seen Date last checked out Price effective from Koha item type
    Dewey Decimal Classification     Juvenile Fiction Footprints International School Library Network Toul Kork Campus Footprints International School Library Network Toul Kork Campus   11/06/2023 1 SOB 511 PZ7.S68524 2023-0734 03/04/2024 02/26/2024 11/06/2023 Books